000 00391nam a2200145Ia 4500
008 231129s2001||||xx |||||||||||||| ||spa||
020 _a958-30-0800-1
040 _bspa
082 _a(i) Co861 A366e
100 _aAlekos seudónimo 1953-
245 0 _aEspantajos
260 _c2001
264 _aBogotá Colombia : Panamericana
942 _2ddc
_cBKS
999 _c13419
_d13419